Διδακτική των φυσικών επιστημών
Αποθηκεύτηκε σε:
| Κύριος συγγραφέας: | |
|---|---|
| Μορφή: | Βιβλίο |
| Γλώσσα: | Greek |
| Δημοσίευση: |
Αθήνα :
Γρηγόρης,
2004.
|
| Έκδοση: | 4η έκδ. αναθ. |
| Θέματα: | |
| Ετικέτες: |
Προσθήκη ετικέτας
Δεν υπάρχουν, Καταχωρήστε ετικέτα πρώτοι!
|
MARC
| LEADER | 00000cam a2200000 a 4500 | ||
|---|---|---|---|
| 001 | 1/121943 | ||
| 008 | 200818s2004####gr | ||| |||| ||gre|| | ||
| 020 | |a 9603331783 | ||
| 040 | |a GR-MyUa |b gre |c GR-MyUa |e AACR2 | ||
| 041 | 0 | |a gre | |
| 082 | 7 | |a 507 |2 (23) | |
| 100 | 1 | |a Κόκκοτας, Παναγιώτης Β. | |
| 245 | 1 | 0 | |a Διδακτική των φυσικών επιστημών / |c Παναγιώτης Κόκκοτας. |
| 250 | |a 4η έκδ. αναθ. | ||
| 260 | |a Αθήνα : |b Γρηγόρης, |c 2004. | ||
| 300 | |a τ. : |b εικ., φωτ. ; |c 24 εκ. | ||
| 504 | |a Περιλαμβάνει βιβλιογραφικές παραπομπές. | ||
| 650 | 0 | |a Physics |x Study and teaching. | |
| 650 | 0 | |a Science |x Study and teaching. | |
| 650 | 0 | |a Science |x Study and teaching |x Aids and devices. | |
| 852 | |a INST |b RHODES |e 20200818 |h 507 ΚΟΚ |p 005400041652 |q 005400041652 |t BK |v τομ.1: |y 0 | ||
| 853 | |a INST |b RHODES |h 507 ΚΟΚ | ||
| 920 | |a Δωρεά Βιβλιοθήκης |y Ρόδος |z 2020-08 | ||
| 970 | |z 18/08/2020 | ||